000 00466nam a22001457a 4500
999 _c513525
_d513525
008 200305b ||||| |||| 00| 0 eng d
100 _aDutta, A.
_916538
245 _aAnalysis and investigation of clues in cases of doubtful/motivated allegations/implication of rape
260 _bIndian Police Journal
300 _a66(4), Oct-Dec, 2019: p.107-150.
700 _aArora, R.C.
_916540
773 _aIndian Police Journal
906 _aSexual abuse
942 _cAR